1511 1015 1260 1397 1428 1343 1012 1045 1103 1726 1550 1742 1157 1310 1883 1634 1317 1469 1187 1950 1900 1769 1107 1821 1887 1224 1186 1136 1214 1030 1295 1491 1313 1190 1828 1116 1432 1639 1699 1750 1005 1022 1941 1535 1607 1252 1230 1514 1705 1044 1845 1259 1045 1815 1358 1330 1538 1556 1513 1635 1658 1020 1631 1433 1240 1869 1639 1360 1026 1429 1740 1749 1111 1757 1396 1743 1278 1943 1299 1244 1853 1624 1240 1176 1159 1652 1364 1176 1706 1099 1324 1156 1607 1511 1474 1445 1869 1819 1052 BCNSPRNW ULIB Ver.6.0+V

เปลี่ยนเป็นภาษาไทย

Change to English
 แสดงรายละเอียดบรรณานุกรม
  กลับหน้าหลัก

Brief Record : Get Marc (ISO 2709) : E-mail record : QR code < ปิดหน้าต่าง
LEADER : 00000nam 2200000uu 4500
001    13399108457
003     ULIB
008    110201s2552||||th 000 0 tha d
020    9749245407
060 04 WY150^bร765ค 2552
099    เรณู อาจสาลี
245 10 คำศัพท์การพยาบาลผู้ใหญ่ /^cเรณู อาจสาลี
250    พิมพ์ครั้งที่ 4
260    กรุงเทพฯ :^bคณะพยาบาลศาสตร์ มหาวิทยาลัยมหิดล,^c2552
300    187 หน้า
650  7 การพยาบาลผู้ใหญ่^xคำศัพท์
710 2  มหาวิทยาลัยมหิดล^bคณะพยาบาลศาสตร์
945    ^p55^l0^i025195
945    ^p55^l0^i025193
945    ^p55^l0^i025194
995  เ ทศพร
999 ^a ใช้งานได้ทุกระบบ
รายการนี้ยังไม่มีแท็ก
คุณยังไม่ได้ล็อกอิน คุณสามารถมีกิจกรรมร่วมกับเว็บไซต์ได้ แต่ต้องล็อกอินก่อน ::
  ล็อกอิน

รายการสื่อสารสนเทศ

ลำดับที่ ประเภท เลขเรียก/บาร์โค้ด สถานที่ สถานะ
- ไม่พบข้อมูล -

BibComment


ยังไม่เคยถูกคอมเมนท์

คอมเมนท์ทรัพยากรรายการนี้
  คอมเมนท์: คำศัพท์การพยาบาลผ..


 Copyright 2026. Bcnsprnw @Library